Allgemein Quiz - Statistiken

Allgemein
  • Dieses Quiz wurde 78 mal gespielt
    35 seit der letzten Aktualisierung
  • Das Durchschnittsergebnis liegt bei 8 aus 15
Antwortstatistiken
Frage Antwort % Korrekt
Wer entdeckte Amerika Christoph Columbus
97%
Wan hat der 2 Weltkrieg in Deutschland geendet 8. Mai 1945
70%
Was ist das größte Land in Afrika Algerien
70%
Längster Fluss in Deutschland Rhein
64%
Welche ist die größte Stadt der Welt Tokio
64%
Wer war der erste Mensch der den Südpol erreichte Ronald Amundsen
55%
Welcher Planet hat den größten Mond im Sonnensystem Jupiter
52%
Wann wurde die BRD gegründet 23. Mai 1949
48%
Wann sank die Titanic 14. April 1912
45%
Was ist der höchste Vulkan der Welt Nevada Ojos del Salado
42%
Wann starb Julius Cäsar 15. März 44 v. Chr.
39%
Wer malte das berühmte Gemälde „Die Schule von Athen“ Raffael
36%
Wer gewann 2004 die Champions league Fc Porto
30%
Welches ist das ärmste Land der Welt Burundi
27%
Im welchen Land liegt der Ursprung des Nils Ruanda
15%
Keine übereinstimmenden Quizze gefunden
Verteilung der Resultate
Anzahl Personen mit jedem Resultat
Perzentil nach korrekt beantworteten Fragen
Ihre Resultats-Entwicklung
Sie haben dieses Quiz seit der letzten Aktualisierung nicht gespielt